[Event "CAN-ch U20 U2100"]
[Site "Toronto CAN"]
[Date "2019.08.11"]
[Round "7.12"]
[White "Yang, Brian"]
[Black "Liu, Henry"]
[Result "0-1"]
[WhiteElo "1974"]
[BlackElo "1928"]
[PlyCount "112"]
[EventDate "2019.08.08"]
[EventType "swiss"]
[EventRounds "8"]
[EventCountry "CAN"]

1. e4 e6 2. d4 d5 3. Nd2 Nf6 4. e5 Nfd7 5. Bd3 c5 6. c3 Nc6 7. Ne2 cxd4 8. cxd4
f6 9. exf6 Nxf6 10. Nf3 Bd6 11. O-O O-O 12. Bf4 Nh5 13. Bxd6 Qxd6 14. Bb5 Bd7
15. Bxc6 Bxc6 16. Nc3 Nf6 17. a3 Ng4 18. Re1 Rae8 19. h3 Nf6 20. Ne5 Nd7 21.
Nb1 Nxe5 22. Rxe5 Rf5 23. Rxf5 exf5 24. Nc3 f4 25. Qf3 a5 26. Rc1 b5 27. Ne2
Re4 28. Kf1 b4 29. Qg4 Bd7 30. Qg5 Bb5 31. Rc8+ Kf7 32. Qf5+ Ke7 33. Qf8+ Ke6
34. Qg8+ Kf6 35. Rf8+ Kg5 36. Rf7 g6 37. h4+ Kxh4 38. Qxh7+ Kg5 39. f3 Rxe2 40.
Kg1 Qe6 41. Rf8 Qe7 42. Rf7 Qe6 43. Rf8 Qe7 44. Rf7 Qe3+ 45. Kh2 Rxg2+ 46. Kxg2
Qe2+ 47. Kg1 Qe1+ 48. Kh2 Qf2+ 49. Kh1 Qxf3+ 50. Kg1 Qg3+ 51. Kh1 Be2 52. Rf5+
Kxf5 53. Qf7+ Ke4 54. Qe6+ Kd3 55. Qa6+ Ke3 56. Qe6+ Kf2 0-1

[Event "CAN-ch U20 U2100"]
[Site "Toronto CAN"]
[Date "2019.08.11"]
[Round "7.13"]
[White "Ajith, Aayush"]
[Black "Ramesh, Sanjay"]
[Result "0-1"]
[WhiteElo "1878"]
[BlackElo "1840"]
[PlyCount "47"]
[EventDate "2019.08.08"]
[EventType "swiss"]
[EventRounds "8"]
[EventCountry "CAN"]

1. d4 Nf6 2. c4 e6 3. Nf3 d5 4. e3 c5 5. cxd5 exd5 6. b3 Nc6 7. Bb2 Bg4 8. Be2
Bd6 9. Nbd2 O-O 10. O-O Qe7 11. Re1 h6 12. a3 Bf5 13. Bb5 Rac8 14. dxc5 Bxc5
15. b4 Bb6 16. Nb3 Rfd8 17. Bxc6 bxc6 18. Rc1 Bg4 19. Bd4 Ne4 20. h3 Bh5 21.
Nc5 Ng5 22. g4 Nxh3+ 23. Kg2 Bxg4 24. Bxg7 0-1

[Event "CAN-ch U20 U2100"]
[Site "Toronto CAN"]
[Date "2019.08.11"]
[Round "7.14"]
[White "Qu, Edison"]
[Black "Raninga, Aditya"]
[Result "0-1"]
[WhiteElo "1591"]
[BlackElo "2044"]
[PlyCount "122"]
[EventDate "2019.08.08"]
[EventType "swiss"]
[EventRounds "8"]
[EventCountry "CAN"]

1. e4 Nc6 2. Nf3 d5 3. exd5 Qxd5 4. Nc3 Qa5 5. Bc4 Bg4 6. d3 e6 7. Bd2 Qh5 8.
Qe2 Nd4 9. Qf1 Nxc2+ 10. Kd1 Nxa1 11. Nb5 Bxf3+ 12. gxf3 Qxf3+ 13. Kc1 Bd6 14.
Kb1 a6 15. Nd4 Qf6 16. Ne2 b5 17. Qg2 Rb8 18. Qc6+ Kd8 19. Rg1 Ne7 20. Qe4 bxc4
21. Bc3 Qf5 22. Qxc4 Qxf2 23. Qe4 Rg8 24. Bd4 Qf5 25. Kxa1 Qxe4 26. dxe4 f6 27.
h3 Nc6 28. Bc3 Be5 29. Bxe5 Nxe5 30. Nd4 Ke7 31. Rc1 c5 32. Rxc5 Rgc8 33. Rxc8
Rxc8 34. a3 Rc4 35. Ne2 Rxe4 36. Nc3 Rh4 37. Ka2 Rxh3 38. Kb3 h5 39. Kb4 Nd3+
40. Kb3 Rf3 41. a4 h4 42. Kc2 Nb4+ 43. Kd2 h3 44. Ke2 Rxc3 45. bxc3 Nd5 46. c4
Nc3+ 47. Kf2 Nxa4 48. Kg3 Kd6 49. Kxh3 Kc5 50. Kg3 Kxc4 51. Kf3 Nc5 52. Ke2 a5
53. Kd2 a4 54. Kc2 a3 55. Kc1 Kb4 56. Kb1 Kb3 57. Ka1 g5 58. Kb1 g4 59. Ka1 g3
60. Kb1 g2 61. Kc1 g1=Q+ 0-1

[Event "CAN-ch U20 U2100"]
[Site "Toronto CAN"]
[Date "2019.08.11"]
[Round "7.15"]
[White "Yuen, Noah"]
[Black "Sharma, Vishruth"]
[Result "1/2-1/2"]
[WhiteElo "1785"]
[BlackElo "1758"]
[PlyCount "58"]
[EventDate "2019.08.08"]
[EventType "swiss"]
[EventRounds "8"]
[EventCountry "CAN"]

1. d4 Nf6 2. c4 g6 3. Nc3 Bg7 4. Bf4 d6 5. Nf3 O-O 6. h3 Nbd7 7. e3 b6 8. Be2
Bb7 9. Qc2 e6 10. O-O a6 11. a4 d5 12. cxd5 Bxd5 13. Nxd5 Nxd5 14. Bg3 c5 15.
Rfd1 Qf6 16. Ne5 Nxe5 17. Bxe5 Qe7 18. Bxg7 Kxg7 19. dxc5 Rfc8 20. c6 Qc5 21.
Qxc5 bxc5 22. Bf3 Rab8 23. Bxd5 exd5 24. Rxd5 Rxc6 25. Rd2 Rb4 26. Rc2 c4 27.
Rac1 Rxa4 28. b3 Ra5 29. Rxc4 Rb6 1/2-1/2

[Event "CAN-ch U20 U2100"]
[Site "Toronto CAN"]
[Date "2019.08.11"]
[Round "7.16"]
[White "Chen, Richard"]
[Black "Xu, Alex"]
[Result "1/2-1/2"]
[WhiteElo "1852"]
[BlackElo "1763"]
[PlyCount "77"]
[EventDate "2019.08.08"]
[EventType "swiss"]
[EventRounds "8"]
[EventCountry "CAN"]

1. d4 Nf6 2. c4 g6 3. Nc3 Bg7 4. e4 d6 5. Nf3 O-O 6. Be2 e5 7. dxe5 dxe5 8. O-O
Nc6 9. Bg5 Qxd1 10. Rfxd1 Re8 11. Bxf6 Bxf6 12. Nd5 Bd8 13. c5 Bg4 14. Bb5 Bxf3
15. gxf3 Re6 16. Bxc6 Rxc6 17. b4 Bg5 18. Kg2 b6 19. Kg3 h5 20. h4 Bd8 21. Rdc1
Kf8 22. cxb6 Rxc1 23. Rxc1 cxb6 24. Nc7 Bxc7 25. Rxc7 a5 26. b5 Rb8 27. f4 Re8
28. Rc6 exf4+ 29. Kxf4 Rb8 30. Rc7 Re8 31. e5 Re6 32. Rc6 Ke7 33. Rxe6+ Kxe6
34. Ke4 f5+ 35. exf6 Kxf6 36. Kd5 g5 37. hxg5+ Kxg5 38. Ke5 h4 39. f4+ 1/2-1/2

[Event "CAN-ch U20 U2100"]
[Site "Toronto CAN"]
[Date "2019.08.11"]
[Round "7.17"]
[White "He, Matthew"]
[Black "Ning, Oswin"]
[Result "1/2-1/2"]
[WhiteElo "1832"]
[BlackElo "1706"]
[PlyCount "53"]
[EventDate "2019.08.08"]
[EventType "swiss"]
[EventRounds "8"]
[EventCountry "CAN"]

1. d4 d5 2. c4 c6 3. cxd5 cxd5 4. Bf4 Nf6 5. Nc3 a6 6. Nf3 Nc6 7. h3 Bf5 8. e3
e6 9. Be2 Bd6 10. Bxd6 Qxd6 11. O-O h6 12. Rc1 O-O 13. Nd2 Qe7 14. Na4 Nd7 15.
Nb3 Rac8 16. Nbc5 Nxc5 17. Nxc5 a5 18. Qb3 Rb8 19. a3 Rfc8 20. Na4 Rc7 21. Rc5
Rcc8 22. Nb6 Rd8 23. Rfc1 Qg5 24. Kh2 Qh4 25. Kg1 Qg5 26. Kf1 Be4 27. g3
1/2-1/2

[Event "CAN-ch U20 U2100"]
[Site "Toronto CAN"]
[Date "2019.08.11"]
[Round "7.18"]
[White "Xiao, Edward"]
[Black "Locham, Divjot"]
[Result "1/2-1/2"]
[WhiteElo "1831"]
[BlackElo "1708"]
[PlyCount "34"]
[EventDate "2019.08.08"]
[EventType "swiss"]
[EventRounds "8"]
[EventCountry "CAN"]

1. d4 d5 2. c4 dxc4 3. Nf3 Nf6 4. e3 e6 5. Bxc4 a6 6. O-O b5 7. Bd3 Bb7 8. a3
c5 9. dxc5 Bxc5 10. b4 Be7 11. Bb2 Nbd7 12. Bd4 Qb8 13. Bb2 O-O 14. Nbd2 Qd8
15. Qe2 Bd6 16. Rac1 Qe7 17. Rc2 Rac8 1/2-1/2

[Event "CAN-ch U20 U2100"]
[Site "Toronto CAN"]
[Date "2019.08.11"]
[Round "7.19"]
[White "Yang, Jingyun (Ryan)"]
[Black "Zhang, Brian"]
[Result "1-0"]
[WhiteElo "1875"]
[BlackElo "1526"]
[PlyCount "115"]
[EventDate "2019.08.08"]
[EventType "swiss"]
[EventRounds "8"]
[EventCountry "CAN"]

1. e4 c6 2. d4 d5 3. e5 Bf5 4. Nf3 e6 5. Bd3 Bxd3 6. Qxd3 Ne7 7. Nbd2 Nf5 8.
Nf1 Nd7 9. c3 c5 10. Bg5 Qc7 11. N1d2 h6 12. Bf4 Be7 13. h4 c4 14. Qc2 g6 15.
Nf1 O-O-O 16. O-O-O b5 17. g3 Nb6 18. Ne3 a5 19. Nxf5 gxf5 20. Rdg1 Rdg8 21.
Qd2 Bf8 22. Nh2 h5 23. Nf3 Be7 24. Ng5 Bf8 25. Nf3 Be7 26. Bg5 Bxg5 27. hxg5
Qe7 28. Rh4 Rh7 29. Rgh1 Rgh8 30. Ne1 Nd7 31. f4 Nb6 32. a3 Nd7 33. Nc2 Nb6 34.
Qd1 Nd7 35. Rxh5 Rxh5 36. Rxh5 Rxh5 37. Qxh5 Nf8 38. Kd2 Ng6 39. Ke3 Kd8 40.
Ne1 b4 41. Nc2 bxc3 42. bxc3 Kc7 43. Qh1 Kc6 44. Qb1 Qc7 45. a4 Kd7 46. Na3 Ke7
47. Nb5 Qb7 48. Qa1 Qc6 49. Nd6 Qb6 50. Nc8+ Kd8 51. Nxb6 Kc7 52. Qb1 Kd8 53.
Qb5 Ke7 54. Qxa5 Kf8 55. Nd7+ Kg7 56. Qd8 Kh7 57. Nf6+ Kg7 58. Qg8# 1-0

[Event "CAN-ch U20 U2100"]
[Site "Toronto CAN"]
[Date "2019.08.11"]
[Round "8.11"]
[White "Raninga, Aditya"]
[Black "Huang, Ryan"]
[Result "1-0"]
[WhiteElo "2044"]
[BlackElo "1920"]
[PlyCount "37"]
[EventDate "2019.08.08"]
[EventType "swiss"]
[EventRounds "8"]
[EventCountry "CAN"]

1. e4 c5 2. Nf3 Nc6 3. d3 g6 4. g3 Bg7 5. Bg2 d6 6. c3 e6 7. Bg5 Nge7 8. Qd2 h6
9. Be3 Rb8 10. d4 b6 11. O-O cxd4 12. Nxd4 Ne5 13. Na3 a6 14. Rfd1 Bb7 15. Ne2
Nc8 16. h3 b5 17. Bc5 Bf8 18. Bd4 Rh7 19. Bxe5 1-0

[Event "CAN-ch U20 U2100"]
[Site "Toronto CAN"]
[Date "2019.08.11"]
[Round "8.12"]
[White "Liu, Henry"]
[Black "Ma, Yue Ran"]
[Result "1/2-1/2"]
[WhiteElo "1928"]
[BlackElo "1997"]
[PlyCount "53"]
[EventDate "2019.08.08"]
[EventType "swiss"]
[EventRounds "8"]
[EventCountry "CAN"]

1. c4 c5 2. g3 g6 3. Bg2 Bg7 4. Nc3 Nc6 5. d3 d6 6. Nf3 e5 7. O-O Nge7 8. e3
O-O 9. Ne1 Be6 10. e4 Qd7 11. Be3 h6 12. Rb1 Bh3 13. a3 a5 14. Nb5 Bxg2 15.
Nxg2 f5 16. f4 Rf7 17. Qd2 Kh7 18. Rf2 Raf8 19. Rbf1 b6 20. Kh1 Ng8 21. Nc3 Nf6
22. exf5 gxf5 23. Re2 Ng4 24. Nd5 Nxe3 25. Rxe3 Qb7 26. Re2 Nd4 27. Ree1
1/2-1/2

[Event "CAN-ch U20 U2100"]
[Site "Toronto CAN"]
[Date "2019.08.11"]
[Round "8.13"]
[White "Ramesh, Sanjay"]
[Black "Yang, Brian"]
[Result "0-1"]
[WhiteElo "1840"]
[BlackElo "1974"]
[PlyCount "80"]
[EventDate "2019.08.08"]
[EventType "swiss"]
[EventRounds "8"]
[EventCountry "CAN"]

1. d4 Nf6 2. c4 e6 3. Nc3 Bb4 4. Qc2 d5 5. cxd5 Qxd5 6. Nf3 Qf5 7. Qxf5 exf5 8.
Bd2 c6 9. e3 Nbd7 10. Bc4 Nb6 11. Bb3 Be6 12. O-O Bxb3 13. axb3 O-O 14. Na4 Bd6
15. Nc3 Ne4 16. Ra5 g6 17. Nxe4 fxe4 18. Ne5 Nd5 19. Nc4 Bc7 20. Raa1 f5 21.
Na5 Bxa5 22. Rxa5 g5 23. f3 a6 24. fxe4 fxe4 25. Raa1 Rac8 26. Rac1 h5 27. h3
Kg7 28. g4 hxg4 29. Kg2 Rf3 30. Rxf3 gxf3+ 31. Kg3 Kg6 32. h4 gxh4+ 33. Kxh4
Kf5 34. Rg1 Rh8+ 35. Kg3 Rg8+ 36. Kf2 Rxg1 37. Kxg1 Kg4 38. Kf2 Kh3 39. Bc3 Nf6
40. d5 Ng4+ 0-1

[Event "CAN-ch U20 U2100"]
[Site "Toronto CAN"]
[Date "2019.08.11"]
[Round "8.14"]
[White "Ajith, Aayush"]
[Black "Yuen, Noah"]
[Result "0-1"]
[WhiteElo "1878"]
[BlackElo "1785"]
[PlyCount "66"]
[EventDate "2019.08.08"]
[EventType "swiss"]
[EventRounds "8"]
[EventCountry "CAN"]

1. d4 d5 2. Nf3 Nf6 3. e3 e6 4. Bd3 Be7 5. O-O O-O 6. Nbd2 Nbd7 7. c3 b6 8. Qc2
c5 9. b3 Bb7 10. Bb2 Rc8 11. Ne5 Qc7 12. f4 cxd4 13. exd4 Rfd8 14. Qd1 Ne4 15.
Bxe4 dxe4 16. Qe2 f5 17. c4 Nxe5 18. fxe5 Bg5 19. Rfd1 Qf7 20. Rf1 Qg6 21. Rae1
Qh6 22. Bc3 b5 23. Rd1 b4 24. Bxb4 Rxd4 25. Nb1 Bf4 26. g3 Be3+ 27. Kh1 f4 28.
Rxd4 Bxd4 29. Rxf4 Bxe5 30. Rf1 e3+ 31. Kg1 Bxg3 32. Nd2 Bxh2+ 33. Qxh2 Qg5+
0-1

[Event "CAN-ch U20 U2100"]
[Site "Toronto CAN"]
[Date "2019.08.11"]
[Round "8.15"]
[White "Chen, Richard"]
[Black "Sharma, Vishruth"]
[Result "0-1"]
[WhiteElo "1862"]
[BlackElo "1758"]
[PlyCount "106"]
[EventDate "2019.08.08"]
[EventType "swiss"]
[EventRounds "8"]
[EventCountry "CAN"]

1. e4 e5 2. Nf3 Nc6 3. Bb5 a6 4. Ba4 Be7 5. Nc3 d6 6. O-O Nf6 7. Bxc6+ bxc6 8.
d4 exd4 9. Nxd4 Bd7 10. b3 c5 11. Nde2 Bc6 12. f3 O-O 13. Bb2 Re8 14. Re1 Bf8
15. Nf4 g6 16. Ncd5 Bg7 17. Nxf6+ Bxf6 18. Bxf6 Qxf6 19. Nd5 Bxd5 20. Qxd5 Qc3
21. Qd3 Qxd3 22. cxd3 Rab8 23. Kf2 Kg7 24. Ke3 Rb4 25. Rac1 a5 26. Rc4 Reb8 27.
Rec1 Kf6 28. d4 cxd4+ 29. Kxd4 Ke6 30. Rxb4 c5+ 31. Kd3 Rxb4 32. Rc4 Rb5 33.
Kc3 Ke5 34. g3 g5 35. Kd3 Rb8 36. Ra4 Rb5 37. Kc3 f6 38. Kc4 Rb4+ 39. Rxb4 axb4
40. Kb5 h5 41. Kc6 h4 42. Kd7 f5 43. exf5 d5 44. g4 Kf6 45. f4 gxf4 46. g5+
Kxg5 47. Ke6 f3 48. f6 f2 49. f7 f1=Q 50. Ke7 d4 51. f8=Q Qxf8+ 52. Kxf8 d3 53.
Ke7 d2 0-1

[Event "CAN-ch U20 U2100"]
[Site "Toronto CAN"]
[Date "2019.08.11"]
[Round "8.16"]
[White "Ning, Oswin"]
[Black "Yang, Jingyun (Ryan)"]
[Result "1/2-1/2"]
[WhiteElo "1706"]
[BlackElo "1875"]
[PlyCount "86"]
[EventDate "2019.08.08"]
[EventType "swiss"]
[EventRounds "8"]
[EventCountry "CAN"]

1. e4 e5 2. Nf3 Nc6 3. Bc4 Bc5 4. Nc3 Nf6 5. d3 h6 6. Be3 Bxe3 7. fxe3 d6 8.
O-O Bg4 9. Qd2 Qd7 10. a3 Be6 11. Nd5 Bxd5 12. exd5 Ne7 13. e4 Ng6 14. Qb4 O-O
15. Qxb7 Rfb8 16. Qc6 Qxc6 17. dxc6 Rxb2 18. Bb3 a5 19. Nd2 Nf4 20. Nc4 Rxb3
21. cxb3 Nxd3 22. Nd2 Ra6 23. Rf3 Nc5 24. Rc1 Ncxe4 25. Nxe4 Nxe4 26. b4 axb4
27. axb4 Rb6 28. Rb3 Kf8 29. Ra1 Rxc6 30. b5 Rc2 31. h3 Nc5 32. Rbb1 Ne6 33.
Rf1 Nd4 34. Rab1 f6 35. Rf2 Rc5 36. b6 cxb6 37. Rxb6 d5 38. Rb7 Rc2 39. Rd7
Ne2+ 40. Kf1 Ng3+ 41. Kg1 Rc1+ 42. Kh2 Nf1+ 43. Kg1 Ng3+ 1/2-1/2

[Event "CAN-ch U20 U2100"]
[Site "Toronto CAN"]
[Date "2019.08.11"]
[Round "8.17"]
[White "Xu, Alex"]
[Black "Xiao, Edward"]
[Result "1/2-1/2"]
[WhiteElo "1763"]
[BlackElo "1831"]
[PlyCount "38"]
[EventDate "2019.08.08"]
[EventType "swiss"]
[EventRounds "8"]
[EventCountry "CAN"]

1. e4 c5 2. Nf3 d6 3. d4 cxd4 4. Nxd4 Nf6 5. Nc3 a6 6. Be2 e5 7. Nf3 Be7 8. O-O
O-O 9. h3 b5 10. Bg5 Nbd7 11. a3 Bb7 12. Bd3 Nc5 13. Re1 Qc7 14. Bxf6 Bxf6 15.
Qd2 Rfd8 16. Rad1 Rd7 17. b4 Nxd3 18. cxd3 Rc8 19. Rc1 Qd8 1/2-1/2

[Event "CAN-ch U20 U2100"]
[Site "Toronto CAN"]
[Date "2019.08.11"]
[Round "8.18"]
[White "Locham, Divjot"]
[Black "Qu, Edison"]
[Result "1/2-1/2"]
[WhiteElo "1708"]
[BlackElo "1591"]
[PlyCount "49"]
[EventDate "2019.08.08"]
[EventType "swiss"]
[EventRounds "8"]
[EventCountry "CAN"]

1. e4 c5 2. Nf3 g6 3. c3 Bg7 4. d4 cxd4 5. cxd4 d5 6. e5 Nc6 7. Be3 Nh6 8. Qd2
Nf5 9. Bf4 Qb6 10. Be3 Nxe3 11. fxe3 Bf5 12. Nc3 Qd8 13. Bd3 Bg4 14. Qf2 O-O
15. b3 Nb4 16. Bb1 Bxf3 17. Qxf3 e6 18. a3 Nc6 19. h4 h6 20. h5 g5 21. Qe2 f5
22. exf6 Rxf6 23. Qd3 Qc7 24. Ne2 Qa5+ 25. Nc3 1/2-1/2

[Event "CAN-ch U20 U2100"]
[Site "Toronto CAN"]
[Date "2019.08.11"]
[Round "8.19"]
[White "Zhang, Brian"]
[Black "He, Matthew"]
[Result "0-1"]
[WhiteElo "1526"]
[BlackElo "1832"]
[PlyCount "130"]
[EventDate "2019.08.08"]
[EventType "swiss"]
[EventRounds "8"]
[EventCountry "CAN"]

1. d4 Nf6 2. Bf4 e6 3. Nf3 c5 4. c3 b6 5. e3 Bb7 6. Bd3 d6 7. Nbd2 Be7 8. Qc2
Nh5 9. Bg3 h6 10. O-O-O Nxg3 11. hxg3 Nd7 12. Kb1 d5 13. Ne1 c4 14. Be2 b5 15.
f4 Nf6 16. Bf3 Qb6 17. g4 Kd7 18. e4 dxe4 19. Nxe4 Nd5 20. Qd2 b4 21. Nc5+ Kc7
22. cxb4 Bxc5 23. bxc5 Qb5 24. Nc2 c3 25. Qc1 cxb2 26. Qxb2 Nc3+ 27. Kc1 Qxb2+
28. Kxb2 Nxd1+ 29. Rxd1 Bxf3 30. gxf3 g5 31. Ne1 Rad8 32. Kc3 h5 33. Nd3 hxg4
34. Ne5 Rh7 35. fxg5 gxf3 36. Rf1 Rg8 37. Rxf3 Rxg5 38. Nxf7 Rf5 39. Rxf5 exf5
40. Ne5 Rh3+ 41. Kd2 Rh2+ 42. Ke3 Rxa2 43. Nf3 Ra3+ 44. Kf4 Rxf3+ 45. Kxf3 a5
46. Kf4 a4 47. Kxf5 a3 48. Ke5 a2 49. d5 a1=Q+ 50. Ke6 Qe1+ 51. Kf5 Qf2+ 52.
Ke5 Qxc5 53. Ke6 Qd6+ 54. Kf5 Kb6 55. Ke4 Kc5 56. Ke3 Kc4 57. Ke4 Qxd5+ 58. Ke3
Qd4+ 59. Ke2 Kc3 60. Ke1 Qd2+ 61. Kf1 Kd3 62. Kg1 Ke3 63. Kh1 Qe2 64. Kg1 Kf3
65. Kh1 Qg2# 0-1

[Event "CAN-ch U2200"]
[Site "Kingston CAN"]
[Date "2019.04.18"]
[Round "1.19"]
[White "Xu, Daniel"]
[Black "Van Rooy, Jake"]
[Result "1-0"]
[WhiteElo "2081"]
[BlackElo "1959"]
[PlyCount "101"]
[EventDate "2019.04.18"]
[EventType "swiss"]
[EventRounds "9"]
[EventCountry "CAN"]

1. d4 g6 2. c4 Nf6 3. Nc3 Bg7 4. e4 d6 5. f3 O-O 6. Be3 c5 7. Nge2 cxd4 8. Nxd4
Nc6 9. Be2 Bd7 10. O-O Nxd4 11. Bxd4 Be6 12. Qd2 a5 13. b3 Nd7 14. Bxg7 Kxg7
15. f4 Qb6+ 16. Kh1 Nf6 17. Nd5 Bxd5 18. exd5 Ne4 19. Qb2+ Kg8 20. Bd3 Nc5 21.
Qd4 e5 22. dxe6 fxe6 23. Bc2 Qc6 24. Rad1 Rad8 25. Qc3 b5 26. Qg3 Ne4 27. Bxe4
Qxe4 28. cxb5 Rf5 29. a4 Rdf8 30. h3 e5 31. Rxd6 exf4 32. Qd3 Qe7 33. Qc4+ Kg7
34. Qd4+ Qe5 35. Qxe5+ Rxe5 36. Ra6 Re3 37. Rf3 Re1+ 38. Kh2 g5 39. Rd3 Rb1 40.
Rd7+ Kg8 41. Raa7 Re8 42. Rg7+ Kh8 43. Rxh7+ Kg8 44. Rhg7+ Kh8 45. Rge7 Rd8 46.
Rxa5 f3 47. Rf7 fxg2 48. Kxg2 Rxb3 49. Raa7 Rd2+ 50. Rf2 Rdd3 51. Rf8# 1-0

[Event "CAN-ch U2200"]
[Site "Kingston CAN"]
[Date "2019.04.18"]
[Round "1.20"]
[White "Doubleday, William"]
[Black "Xu, Ruoying"]
[Result "1-0"]
[WhiteElo "1942"]
[BlackElo "2053"]
[PlyCount "109"]
[EventDate "2019.04.18"]
[EventType "swiss"]
[EventRounds "9"]
[EventCountry "CAN"]

1. d4 d5 2. c4 c6 3. e3 Nf6 4. Nc3 a6 5. b3 Bf5 6. Bb2 e6 7. Be2 Nbd7 8. g4 Be4
9. f3 Nxg4 10. fxe4 Qh4+ 11. Kd2 Qf2 12. Nh3 Qxe3+ 13. Kc2 h5 14. Qd3 dxe4 15.
Qxe3 Nxe3+ 16. Kd2 Nf5 17. Nxe4 O-O-O 18. Nhg5 Ne5 19. d5 cxd5 20. Bxe5 dxe4+
21. Kc3 f6 22. Nf7 fxe5 23. Nxh8 Bc5 24. Nf7 Bd4+ 25. Kb4 Rd7 26. Bxh5 Bxa1 27.
Rxa1 Nd4 28. Nxe5 Rc7 29. Kc3 Nb5+ 30. Kb4 Nd4 31. Rf1 a5+ 32. Kc3 Nf5 33. Bg6
Rc5 34. Nf7 Kd7 35. Bxf5 exf5 36. Kd4 b6 37. Ng5 g6 38. Nh3 Ke7 39. Nf4 Rc6 40.
Ke5 Kf7 41. h4 Rc8 42. Rg1 Re8+ 43. Kd4 e3 44. Kd3 Re4 45. Nd5 Rxh4 46. Kxe3
Re4+ 47. Kf3 Re6 48. Rg2 Rd6 49. a4 Re6 50. Re2 Rd6 51. Re7+ Kf8 52. Rb7 Re6
53. Rxb6 Re1 54. Rxg6 Rb1 55. Rb6 1-0

[Event "CAN-ch U2200"]
[Site "Kingston CAN"]
[Date "2019.04.18"]
[Round "1.21"]
[White "Donev, Danail"]
[Black "Mercure, Gilbert"]
[Result "1/2-1/2"]
[WhiteElo "2007"]
[BlackElo "1892"]
[PlyCount "83"]
[EventDate "2019.04.18"]
[EventType "swiss"]
[EventRounds "9"]
[EventCountry "CAN"]

1. e4 d5 2. exd5 Nf6 3. Bb5+ Nbd7 4. Nf3 a6 5. Be2 Nxd5 6. d4 e6 7. c4 Bb4+ 8.
Bd2 Bxd2+ 9. Qxd2 N5f6 10. O-O c5 11. Nc3 cxd4 12. Qxd4 O-O 13. Rfd1 Qc7 14. b4
b6 15. Ne4 Nxe4 16. Qxe4 Bb7 17. Qh4 Ne5 18. Qg3 Bxf3 19. Bxf3 Nxf3+ 20. Qxf3
Qxc4 21. a3 Rad8 22. Rdc1 Qd5 23. Qxd5 Rxd5 24. Rc6 Rfd8 25. g3 R5d6 26. Rac1
Kf8 27. Rxd6 Rxd6 28. Rc8+ Ke7 29. Ra8 b5 30. Ra7+ Kf6 31. Kf1 g5 32. Ke2 h5
33. Ke1 Kg6 34. Ra8 Kg7 35. Ra7 h4 36. Ke2 Kg6 37. Ra8 hxg3 38. hxg3 g4 39. Ke3
f5 40. Kf4 Kf6 41. Rf8+ Ke7 42. Ra8 1/2-1/2

[Event "CAN-ch U2200"]
[Site "Kingston CAN"]
[Date "2019.04.18"]
[Round "1.22"]
[White "Zhu, Matthew"]
[Black "Zhao, Jeffrey Renfei"]
[Result "1/2-1/2"]
[WhiteElo "1892"]
[BlackElo "1968"]
[PlyCount "62"]
[EventDate "2019.04.18"]
[EventType "swiss"]
[EventRounds "9"]
[EventCountry "CAN"]

1. e4 e5 2. Nf3 Nc6 3. d4 exd4 4. Nxd4 Bc5 5. Be3 Qf6 6. c3 Nge7 7. Bc4 d6 8.
O-O Ne5 9. Be2 Qg6 10. Bh5 Qf6 11. Nb5 O-O 12. Nxc7 Rb8 13. Bxc5 dxc5 14. f4
Qb6 15. Nd5 Nxd5 16. Qxd5 c4+ 17. Qd4 Nd3 18. Qxb6 axb6 19. Nd2 Nxb2 20. Rab1
Na4 21. Rfc1 g6 22. Be2 Be6 23. Bxc4 Bxc4 24. Nxc4 Rfc8 25. Nxb6 Nxb6 26. Rxb6
Rc4 27. Rb4 Rbc8 28. Rxc4 Rxc4 29. Kf2 Rxe4 30. Kf3 Ra4 31. Rc2 Kf8 1/2-1/2

[Event "CAN-ch U2200"]
[Site "Kingston CAN"]
[Date "2019.04.19"]
[Round "2.19"]
[White "Joseph Benher, Savio"]
[Black "Xu, Daniel"]
[Result "0-1"]
[WhiteElo "1746"]
[BlackElo "2081"]
[PlyCount "122"]
[EventDate "2019.04.18"]
[EventType "swiss"]
[EventRounds "9"]
[EventCountry "CAN"]

1. e4 c5 2. Nf3 d6 3. d4 cxd4 4. Qxd4 a6 5. c4 Nc6 6. Qe3 g6 7. h3 Bg7 8. Nc3
Nf6 9. Be2 O-O 10. O-O Nd7 11. Rb1 Nde5 12. Nxe5 Nxe5 13. Rd1 Bd7 14. b3 b5 15.
c5 dxc5 16. Qxc5 Rc8 17. Qe3 e6 18. Bb2 Qa5 19. a3 Rfd8 20. b4 Qc7 21. Rbc1 Qb7
22. f4 Nc4 23. Bxc4 Rxc4 24. e5 Rdc8 25. Ne2 h5 26. Qd2 Rxc1 27. Rxc1 Rxc1+ 28.
Nxc1 Bh6 29. h4 Qe4 30. Nd3 Bc6 31. Bc1 Qd4+ 32. Qe3 Qd5 33. Qd2 Bf8 34. Ne1
Qb3 35. Qe3 Qd1 36. Qd2 Qg4 37. Qf2 Be7 38. g3 Bxh4 39. Kh2 Be7 40. Ng2 Bxg2
41. Qxg2 h4 42. gxh4 Qxh4+ 43. Qh3 Qf2+ 44. Qg2 Qxg2+ 45. Kxg2 Kg7 46. Kf3 Kh6
47. Kg4 Kg7 48. Kf3 f5 49. Be3 g5 50. fxg5 Kg6 51. Bc1 Bxg5 52. Bb2 Kh5 53. Kg3
Be3 54. Kf3 f4 55. Ba1 Kg5 56. Bb2 Kf5 57. Ba1 Bc1 58. Bd4 Bxa3 59. Bc3 Bc1 60.
Kf2 Ke4 61. Ke2 Be3 0-1

[Event "CAN-ch U2200"]
[Site "Kingston CAN"]
[Date "2019.04.19"]
[Round "2.20"]
[White "England, Max"]
[Black "Doubleday, William"]
[Result "1-0"]
[WhiteElo "2021"]
[BlackElo "1942"]
[PlyCount "97"]
[EventDate "2019.04.18"]
[EventType "swiss"]
[EventRounds "9"]
[EventCountry "CAN"]

1. e4 c5 2. Nf3 Nc6 3. d4 cxd4 4. Nxd4 Qb6 5. Nb3 Nf6 6. Nc3 e6 7. a3 a6 8. Be3
Qc7 9. f4 d6 10. Qf3 Rb8 11. g4 b5 12. O-O-O Be7 13. g5 Nd7 14. Qf2 b4 15. axb4
Nxb4 16. Rg1 Nc5 17. Bxc5 dxc5 18. Bc4 Nc6 19. e5 Nd4 20. Ne4 Rb4 21. Qf1 a5
22. Nxd4 cxd4 23. b3 a4 24. Bb5+ Bd7 25. bxa4 Bxb5 26. axb5 Rc4 27. Qd3 O-O 28.
Nf6+ Bxf6 29. gxf6 g6 30. Qb3 Rc8 31. Rg2 Rc3 32. Qa4 d3 33. Rdd2 Qc5 34. Kb2
Rb8 35. Ka2 Rxb5 36. Qa8+ Qf8 37. Qxf8+ Kxf8 38. Rxd3 Rxd3 39. cxd3 Ke8 40. Rb2
Rd5 41. Rb8+ Kd7 42. Rf8 Rxd3 43. Rxf7+ Kc6 44. Re7 Rf3 45. Rxe6+ Kd5 46. Rd6+
Ke4 47. f7 Rxf4 48. Rf6 Kxe5 49. Rxf4 1-0

[Event "CAN-ch U2200"]
[Site "Kingston CAN"]
[Date "2019.04.19"]
[Round "2.21"]
[White "Zhao, Jeffrey Renfei"]
[Black "Donev, Danail"]
[Result "0-1"]
[WhiteElo "1968"]
[BlackElo "2007"]
[PlyCount "42"]
[EventDate "2019.04.18"]
[EventType "swiss"]
[EventRounds "9"]
[EventCountry "CAN"]

1. e4 c5 2. Nf3 d6 3. d4 cxd4 4. Nxd4 Nf6 5. Nc3 a6 6. Be2 e5 7. Nb3 Be7 8. Be3
Be6 9. O-O O-O 10. Qd2 Nbd7 11. a4 Rc8 12. Rfd1 Qc7 13. f3 Rfd8 14. a5 Nc5 15.
Nd5 Bxd5 16. exd5 Nxb3 17. cxb3 Qc2 18. b4 Nxd5 19. Qxd5 Qxe2 20. Bb6 Rc2 21.
f4 e4 0-1

[Event "CAN-ch U2200"]
[Site "Kingston CAN"]
[Date "2019.04.19"]
[Round "2.22"]
[White "Mercure, Gilbert"]
[Black "Han, Johnathan"]
[Result "1-0"]
[WhiteElo "1892"]
[BlackElo "1979"]
[PlyCount "107"]
[EventDate "2019.04.18"]
[EventType "swiss"]
[EventRounds "9"]
[EventCountry "CAN"]

1. e4 c5 2. d4 cxd4 3. c3 d3 4. Bxd3 Nc6 5. Nf3 d6 6. Bc4 e6 7. O-O Nf6 8. Qe2
Be7 9. Rd1 Qc7 10. Bf4 e5 11. Be3 O-O 12. Nbd2 Be6 13. Bxe6 fxe6 14. c4 h6 15.
Rac1 Ng4 16. Nf1 Nxe3 17. Nxe3 Rf4 18. Nd5 exd5 19. cxd5 Qb6 20. dxc6 bxc6 21.
Qc4+ Kf8 22. Re1 Rc8 23. b4 Bh4 24. Rc2 Bf6 25. a4 d5 26. Qc5+ Qxc5 27. Rxc5
Rxe4 28. Rxe4 dxe4 29. Nxe5 Bxe5 30. Rxe5 Rd8 31. Kf1 Rd4 32. b5 Rxa4 33. bxc6
Rc4 34. Ra5 Rxc6 35. Rxa7 Kg8 36. Re7 Rc4 37. Ke2 Kh7 38. Ke3 Kg6 39. Rxe4
Rxe4+ 40. Kxe4 Kf6 41. h4 g6 42. g4 Ke6 43. f4 g5 44. hxg5 hxg5 45. f5+ Kd6 46.
Kd4 Kd7 47. Kd5 Ke7 48. Ke5 Kf7 49. Kd6 Kf6 50. Kd7 Kf7 51. Kd6 Kf6 52. Kd5 Kf7
53. Ke5 Ke7 54. f6+ 1-0